banner-ar

موسوعة المهن والحرف / (Record no. 62153)

MARC details
000 -الفاتح
حقل البيانات ثابتة الطول 00815nam a22002177a 4500
005 - وقت وتاريخ اخر تعامل مع التسجيلة
رقم الضبط 20240530110534.0
008 - عناصر البيانات ثابتة الطول - معلومات عامة
حقل البيانات ثابتة الطول 160327s2013 ua a f 000 0 ara d
017 ## - رقم الايداع القانونى
رقم الايداع القانونى 2012/17666
المصدر ( الهيئة المختصة) مصر . دار الكتب المصرية
020 ## - الرقم الدولى المعيارى للكتب
الرقم الدولى المعيارى للكتاب 9789774951176
040 ## - مصدر الفهرسة
وكالة الفهرسة الأصلية EG-CaGPL
082 04 - رقم تصنيف ديوى العشرى
رقم الطبعة 21
رقم التصنيف 745.503\
رقم المادة إ م
100 0# - المدخل الرئيسى - إسم شخصى
الإسم الشخصى اسماعيل عبدالفتاح .
245 10 - بيان العنوان
العنوان موسوعة المهن والحرف /
بيان المسئوليه,etc اعداد اسماعيل عبدالفتاح ، اسعد النوبى عويس .
250 ## - بيان الطبعة
بيان الطبعة ط1.
260 ## - PUBLICATION, DISTRIBUTION, ETC. (IMPRINT)
تاريخ النشر أو التوزيع 2013 .
300 ## - الوصف المادى
التعداد 389 ص ؛
أبعاد الوعاء 24 سم .
650 04 - المدخل الاضافى بالموضوع-مصطلح موضوعى
مصطلح موضوعي الحرف اليدوية .
650 04 - المدخل الاضافى بالموضوع-مصطلح موضوعى
مصطلح موضوعي الحرف اليدوية
التقسيم الفرعي الشكلي دوائر معارف .
942 ## - عناصر المدخل الإضافي( كوها)
مصدر التصنيف او مخطط الترفيف Dewey Decimal Classification
Koha [default] item type كتاب
260 ## - PUBLICATION, DISTRIBUTION, ETC. (IMPRINT)
-- القاهرة :
-- دار العالم العربى ،
Holdings
حالة التراجع حالة الفقد حالة تلف ليس للاعارة المكان المؤقت الموقع الحالى تاريخ الاكتساب اجمالي اﻻعارات رقم الطلب الباركود تاريخ اخر مشاهدة تاريخ تفعيل السعر نوع وعاء كوها
        مكتبة القاهرة الكبرى مكتبة القاهرة الكبرى 03/27/2016   745.503\ إ م 161709 03/27/2016 03/27/2016 كتاب

Powered By

EGPV